00422 a2200109 4500001001000000005001700010008004100027245012000068100003900188773006800227999001700295ART_3904920260410161804.0260409a 10aConflictos entre denominación social, nombre comercial y marca registrada en la resolución general (IGJ) 7/20051 aMonteleone Lanfranco, Alejandro P.0 tDoctrina Societaria y Concursalg- Nº 317 (abr. 2014)wREV4298 c20873d20873